Online
Catalog

Orígenes y proyecciones de la revolución de abril / (Record no. 27774)

MARC details
000 -CABECERA
campo de control de longitud fija 00978nam a2200277 i 4500
001 - NÚMERO DE CONTROL
campo de control 000028282
003 - IDENTIFICADOR DEL NÚMERO DE CONTROL
campo de control DO-SdBNP
005 - FECHA Y HORA DE LA ÚLTIMA TRANSACCIÓN
campo de control 20250924073802.0
007 - CAMPO FIJO DE DESCRIPCIÓN FÍSICA--INFORMACIÓN GENERAL
campo de control de longitud fija ta
008 - DATOS DE LONGITUD FIJA--INFORMACIÓN GENERAL
campo de control de longitud fija 110407s2004 dr 000 0 spa d
040 ## - FUENTE DE LA CATALOGACIÓN
Centro catalogador/agencia de origen DO-SdBNP
Lengua de catalogación spa
Centro/agencia transcriptor BNPHU
Normas de descripción rda
082 ## - NÚMERO DE LA CLASIFICACIÓN DECIMAL DEWEY
Número de clasificación xxx
Número de documento/Ítem C343o
Número de edición 22
100 1# - ENTRADA PRINCIPAL--NOMBRE DE PERSONA
Nombre de persona Cassá, Roberto,
Fechas asociadas al nombre 1948-
Término indicativo de función/relación autor
Código de función/relación aut.
9 (RLIN) 10888
245 10 - MENCIÓN DE TÍTULO
Título Orígenes y proyecciones de la revolución de abril /
Mención de responsabilidad, etc. Roberto Cassá.
264 #1 - PRODUCCIÓN, PUBLICACIÓN, DISTRIBUCIÓN, FABRICACIÓN Y COPYRIGHT
Producción, publicación, distribución, fabricación y copyright Santo Domingo :
Nombre del de productor, editor, distribuidor, fabricante Editora Universitaria,
Fecha de producción, publicación, distribución, fabricación o copyright 2004.
300 ## - DESCRIPCIÓN FÍSICA
Extensión 38 páginas. ;
Dimensiones 21 cm.
336 ## - TIPO DE CONTENIDO
Término de tipo de contenido texto
Código de tipo de contenido txt
Fuente rdacontent
337 ## - TIPO DE MEDIO
Nombre/término del tipo de medio sin mediación
Código del tipo de medio n
Fuente rdamedia
338 ## - TIPO DE SOPORTE
Nombre/término del tipo de soporte volumen
Código del tipo de soporte nc
Fuente rdacarrier
490 ## - MENCIÓN DE SERIE
Mención de serie ColecciónPublicaciones de la Universidad Autónoma de Santo Domingo
Designación de volumen o secuencia 1133
490 ## - MENCIÓN DE SERIE
Mención de serie Serie Historia y Sociedad
Designación de volumen o secuencia 103
590 ## - NOTA LOCAL (RLIN)
Nota local Inventariado, 2024/DG
830 ## - PUNTO DE ACCESO ADICIONAL DE SERIE-TÍTULO UNIFORME
Título uniforme Publicaciones de la Universidad Autónoma de Santo Domingo
Designación de volumen o secuencia 1133
Número de parte o sección de la obra 103
Nombre de parte o sección de la obra Serie Historia y Sociedad
9 (RLIN) 52
910 ## - DATOS DE OPCIÓN DEL USUARIO (OCLC)
Datos de opción del usuario DG
942 ## - ELEMENTOS DE PUNTO DE ACCESO ADICIONAL (KOHA)
Fuente del sistema de clasificación o colocación Dewey Decimal Classification
Tipo de ítem Koha Folleto
Holdings
Estado de retiro Estado de pérdida Fuente del sistema de clasificación o colocación Restricciones de uso No para préstamo Código de colección Localización permanente Ubicación/localización actual Ubicación en estantería Fecha de adquisición Total de préstamos Signatura topográfica completa Código de barras Fecha visto por última vez Precio válido a partir de Tipo de ítem Koha Fuente de adquisición Número de copia Nota pública
    Dewey Decimal Classification Excluido de préstamo   Patrimonio Dominicano Folletos Biblioteca Nacional Pedro Henríquez Ureña Biblioteca Nacional Pedro Henríquez Ureña En catalogación 07.04.2011   BNPHU F-PD 28282-10 25.06.2020 25.06.2020 Folleto      
    Dewey Decimal Classification Excluido de préstamo   Patrimonio Dominicano Folletos Biblioteca Nacional Pedro Henríquez Ureña Biblioteca Nacional Pedro Henríquez Ureña En catalogación 22.07.2024   BNPHU F-PD C343o 2024-4488 22.07.2024 22.07.2024 Folleto Donado por la Presidencia de la República Dominicana 2023. e.2 Perteneció a la biblioteca personal de Emilio Cordero Michel.
    Dewey Decimal Classification Préstamo en sala   Dominicana Folletos Biblioteca Nacional Pedro Henríquez Ureña Biblioteca Nacional Pedro Henríquez Ureña En catalogación 07.10.2024   BNPHU F-DS C343o 2024-5633 07.10.2024 07.10.2024 Folleto Donado por la Presidencia de la República Dominicana 2023 e.3 Perteneció a la biblioteca personal de Emilio Cordero Michel.

Powered by Koha